| 000 | 00490nam a2200193Ia 4500 | ||
|---|---|---|---|
| 003 | OSt | ||
| 005 | 20231213165119.0 | ||
| 008 | 210210b2004 xxu||||| |||| 00| 0 eng d | ||
| 020 | _a81 7700 032 2 | ||
| 040 | _cAL | ||
| 082 | _a658/132 CHHP | ||
| 100 |
_aCHHABRA (T N). _978382 |
||
| 245 | _aPrinciples and practice of management. | ||
| 260 |
_aDelhi. _bDhanpat Rai & Co (P) Ltd. _c2004 |
||
| 300 | _axii,907,v | ||
| 690 |
_aManagement _978383 |
||
| 906 | _aSG04642 | ||
| 942 |
_2ddc _cSG |
||
| 999 |
_c115679 _d115679 |
||